000 00467nam a22001817a 4500
003 OSt
005 20240624151419.0
008 240624b |||||||| |||| 00| 0 eng d
020 _a0852261721
040 _cMUST
082 _a541.3 DOG 1991
100 _4Dogra S.R
245 _aPhysical Chemistry through problems
260 _aNew Delhi
_b:Wiley Eastern limited
_c1991
300 _aviii,674p.
_b: ill
_c; 23 cm
504 _aincludes index
942 _2ddc
_cO_SHELF
999 _c8760
_d8760